Mappa dell'Africa Pixelata - Statistics

Statistiche generali
  • Questo quiz è stato fatto 2.149 volte
  • Il punteggio medio è 217 su 246
Risposte nella Mappa
Le risposte nella mappa del quiz sottostante sono codificate secondo una scala di colori dal rosso al verde in base alla % di persone che hanno risposto correttamente.
 
Statistiche sulle risposte
Paese % Corretto
Algeria
97%
Egitto
97%
Marocco
97%
Libia
96%
Sudafrica
96%
Tunisia
96%
Madagascar
94%
Repubblica Democratica del Congo
94%
R. Congo
93%
Etiopia
92%
Niger
92%
Somalia
92%
Sudan
91%
Nigeria
90%
Eritrea
88%
Ciad
86%
Mali
86%
Kenya
85%
Senegal
85%
Angola
83%
Mauritania
83%
Tanzania
82%
Namibia
81%
Mozambico
80%
Sud Sudan
80%
Zambia
79%
Zimbabwe
79%
Ghana
78%
Botswana
77%
Costa d'Avorio
77%
Guinea
77%
Camerun
76%
Repubblica Centrafricana
74%
Uganda
73%
Burkina Faso
71%
Liberia
70%
Benin
68%
Repubblica Centrafricana
68%
Gabon
67%
Malawi
63%
Nessun quiz corrispondente trovato
Distribuzione punteggi
Percentuale di utenti per punteggio
Percentile per numero di risposta
I tuoi punteggi nel tempo
Non hai fatto questo quiz